[Event "Superettan(Vasteras II-Helsingborg)"]
[Site "?"]
[Date "2022.03.18"]
[Round "4"]
[White "Janse, Love"]
[Black "Semcesen, Daniel"]
[Result "0-1"]
[WhiteElo "2199"]
[BlackElo "2472"]
[PlyCount "66"]
[EventDate "2022.??.??"]

1. e4 e5 2. Nc3 Nf6 3. Bc4 Nc6 4. d3 Na5 5. Nge2 Nxc4 6. dxc4 Be7 7. O-O O-O 8.
Ng3 d6 9. Qd3 Be6 10. Nf5 h6 11. b3 Re8 12. Qg3 Bxf5 13. exf5 Kh7 14. Qf3 c6
15. Rd1 Qa5 16. Ne4 d5 17. cxd5 cxd5 18. Nxf6+ Bxf6 19. Bd2 Qc5 20. c3 Red8 21.
Rac1 Qa3 22. Rc2 Rac8 23. Qh5 Kg8 24. g4 Qe7 25. Kg2 d4 26. c4 e4 27. Bf4 b5
28. Rh1 e3 29. Rcc1 e2 30. Bd2 bxc4 31. bxc4 Qb7+ 32. Kg3 Qb2 33. Bf4 d3 0-1

[Event "Superettan(Schack 08-Rockaden, Umea)"]
[Site "?"]
[Date "2022.03.18"]
[Round "4"]
[White "Malmstig, Erik"]
[Black "Schutz, Ingemar"]
[Result "1-0"]
[WhiteElo "2177"]
[BlackElo "2192"]
[PlyCount "63"]

1. d4 Nf6 2. c4 g6 3. Nc3 Bg7 4. e4 d6 5. Nge2 O-O 6. Ng3 c5 7. d5 e6 8. Be2
exd5 9. cxd5 a6 10. a4 Nbd7 11. O-O Re8 12. f4 Qc7 13. Kh1 Rb8 14. Bc4 Nb6 15.
Bb3 Bg4 16. Qc2 c4 17. Ba2 h5 18. a5 Nbd7 19. e5 dxe5 20. f5 h4 21. fxg6 hxg3
22. gxf7+ Kxf7 23. Ne4 Rh8 24. h3 b5 25. axb6 Qxb6 26. Bxc4 Rbc8 27. b3 Ke8 28.
Nxf6+ Nxf6 29. Qg6+ Kf8 30. Qxg4 Re8 31. Ba3+ Kg8 32. d6+ 1-0

[Event "Superettan(Vasteras II-Helsingborg)"]
[Site "?"]
[Date "2022.03.18"]
[Round "4"]
[White "Rosell, Tomas"]
[Black "Granath, Jonas"]
[Result "1/2-1/2"]
[WhiteElo "2176"]
[BlackElo "1868"]
[PlyCount "107"]
[EventDate "2022.??.??"]

1. e4 e5 2. Nf3 Nc6 3. d4 exd4 4. Nxd4 Nf6 5. Nxc6 bxc6 6. Bd3 Bb4+ 7. c3 Bc5
8. e5 Nd5 9. Qg4 g6 10. Bh6 d6 11. Qa4 Ne7 12. Nd2 Nf5 13. Bxf5 Bxf5 14. Qxc6+
Bd7 15. Qf3 dxe5 16. Ne4 Be7 17. Bg7 Rg8 18. Nf6+ Bxf6 19. Bxf6 Bg4 20. Qc6+
Bd7 21. Qe4 Qxf6 22. Qxa8+ Qd8 23. Qxa7 Kf8 24. Rd1 Kg7 25. Qc5 Re8 26. O-O Qc8
27. Rfe1 f6 28. Re4 Be6 29. Ra4 Kf7 30. Ra7 Re7 31. h3 e4 32. Qe3 f5 33. b3 Qh8
34. Qc5 Qc8 35. Qc6 g5 36. c4 Qb8 37. Qb7 Qh8 38. Ra8 Qe5 39. Qb8 Kg6 40. Qh8
Qf4 41. Re8 Rxe8 42. Qxe8+ Bf7 43. Qc6+ Kh5 44. Qf6 Bg6 45. g3 Qf3 46. Rd7 Qe2
47. h4 h6 48. Qe7 Kg4 49. Qc5 f4 50. gxf4 gxf4 51. Qd4 e3 52. fxe3 Qe1+ 53. Kg2
Qe2+ 54. Kg1 1/2-1/2

[Event "Superettan(Schack 08-Rockaden, Umea)"]
[Site "?"]
[Date "2022.03.18"]
[Round "4"]
[White "Faldt, Magnus"]
[Black "Mardell, Jonas"]
[Result "1-0"]
[WhiteElo "2159"]
[BlackElo "2126"]
[PlyCount "91"]

1. d4 d5 2. c4 e6 3. Nc3 Nf6 4. Bg5 Be7 5. e3 h6 6. Bh4 b6 7. Nf3 O-O 8. Bd3
Bb7 9. O-O Nbd7 10. Rc1 c5 11. Qe2 Ne4 12. Bxe7 Qxe7 13. cxd5 exd5 14. Ba6 Nxc3
15. Rxc3 Bxa6 16. Qxa6 c4 17. b3 Qb4 18. Rfc1 cxb3 19. Rxb3 Qd6 20. Rbc3 Nf6
21. Rc6 Qb4 22. a3 Qa5 23. Qxa5 bxa5 24. R6c5 a4 25. h3 Rab8 26. Ra5 Rb2 27.
Ne5 Ra2 28. Rxa4 Rb8 29. Rb4 Rxb4 30. axb4 Rb2 31. Nc6 Ne4 32. Ne7+ Kh7 33.
Nxd5 Nxf2 34. Rf1 Nd3 35. Rxf7 Rb1+ 36. Rf1 Rb2 37. Ra1 h5 38. h4 Kg6 39. e4
Nxb4 40. Nf4+ Kh6 41. Rxa7 g5 42. hxg5+ Kxg5 43. Rf7 Nc6 44. Rf5+ Kg4 45. Ne6
Rb1+ 46. Kh2 1-0

[Event "Superettan(Vasteras II-Helsingborg)"]
[Site "?"]
[Date "2022.03.18"]
[Round "4"]
[White "Patzelt, Nikolaus"]
[Black "Sylvan, Jacob"]
[Result "0-1"]
[WhiteElo "2113"]
[BlackElo "2312"]
[PlyCount "82"]
[EventDate "2022.??.??"]

1. d4 Nf6 2. c4 e6 3. Nc3 d5 4. cxd5 exd5 5. Bg5 c6 6. e3 Bd6 7. Qc2 O-O 8. Bd3
h6 9. Bh4 Re8 10. Nge2 a5 11. Bg3 Na6 12. a3 Nc7 13. O-O Ne6 14. f3 Ng5 15. Bf2
Bd7 16. e4 dxe4 17. fxe4 Ng4 18. e5 Bb8 19. h3 Nxf2 20. Rxf2 Bxh3 21. Ne4 Nxe4
22. Bxe4 Be6 23. Rd1 Ba7 24. b4 axb4 25. axb4 Bb6 26. Bh7+ Kh8 27. Bf5 Ra2 28.
Qe4 Bd5 29. Qe3 Qg5 30. Qxg5 hxg5 31. Nc3 Rxf2 32. Kxf2 Bb3 33. Rd3 Bc4 34. Rd1
Rxe5 35. g4 g6 36. Bc8 Re7 37. Na4 Ba7 38. Nc5 Re2+ 39. Kf3 Re8 40. Bd7 Re7 41.
Kf2 Bd5 0-1

[Event "Superettan(Schack 08-Rockaden, Umea)"]
[Site "?"]
[Date "2022.03.18"]
[Round "4"]
[White "Mardell, Jimmy"]
[Black "Sternlund, Hakan"]
[Result "1-0"]
[WhiteElo "2140"]
[BlackElo "2133"]
[PlyCount "111"]

1. d4 d6 2. e4 Nf6 3. Nc3 c6 4. Nf3 Qa5 5. Bd2 e5 6. dxe5 dxe5 7. Bc4 Be7 8.
Nd5 Qd8 9. Nxe7 Qxe7 10. Qe2 Bg4 11. h3 Bh5 12. O-O Nbd7 13. Rfe1 O-O 14. Qe3
Bg6 15. Bd3 Rfe8 16. Nh4 Qc5 17. Nxg6 Qxe3 18. Bxe3 hxg6 19. a4 b6 20. f3 Nc5
21. Bc4 a5 22. b4 axb4 23. a5 Nfd7 24. axb6 Ra3 25. Rab1 Na4 26. Rxb4 Rb8 27.
b7 c5 28. Rxa4 Rxa4 29. Bb5 Ra5 30. Bxd7 Rxb7 31. Rd1 Ra2 32. Rd2 Rbb2 33. Bxc5
Rxc2 34. Rxc2 Rxc2 35. Be3 Kf8 36. Ba4 Rc3 37. Kf2 f6 38. h4 Kf7 39. Bd2 Ra3
40. Bc6 Ra1 41. Bd5+ Ke8 42. Kg3 Rh1 43. Bb4 Rb1 44. Bc5 Rh1 45. Kg4 Rc1 46.
Bd6 Rh1 47. g3 Rh2 48. f4 exf4 49. gxf4 Rh1 50. Kg3 Rd1 51. Kf3 Rd3+ 52. Ke2
Rh3 53. e5 Rxh4 54. e6 Rh2+ 55. Kd1 Rh8 56. Bc6+ 1-0

[Event "Superettan(Vasteras II-Helsingborg)"]
[Site "?"]
[Date "2022.03.18"]
[Round "4"]
[White "Rothman, Peter"]
[Black "Kruuse, Peter"]
[Result "1-0"]
[WhiteElo "2124"]
[BlackElo "1867"]
[PlyCount "125"]
[EventDate "2022.??.??"]

1. d4 Nf6 2. Nf3 g6 3. c4 Bg7 4. g3 O-O 5. Bg2 d6 6. O-O Nbd7 7. Nc3 c6 8. e4
e5 9. h3 Re8 10. Be3 h6 11. Qc2 Qe7 12. Rfe1 b6 13. Rad1 Bb7 14. b3 Rac8 15.
Nh2 Nf8 16. f4 Ne6 17. Nf3 Nd7 18. Qd2 Rc7 19. fxe5 dxe5 20. d5 Nd4 21. Nxd4
exd4 22. Bxd4 Ne5 23. Be3 Qb4 24. Na4 Qxd2 25. Rxd2 Rce7 26. Kf2 Nd7 27. Bd4
cxd5 28. cxd5 Nf6 29. Nc3 Nd7 30. Bxg7 Kxg7 31. Nb5 Nc5 32. Rc1 a6 33. Nd6 Rd8
34. Nc4 Nd7 35. h4 Nc5 36. e5 b5 37. Na5 Rc8 38. Re1 Ba8 39. d6 Ra7 40. Bxa8
Raxa8 41. Kf3 Nd7 42. e6 fxe6 43. Rxe6 Rf8+ 44. Kg2 Rf7 45. Nc6 Raf8 46. Re7 h5
47. Nd4 Rc8 48. Ne6+ Kg8 49. Ng5 Rg7 50. Rde2 Rxe7 51. Rxe7 Nf6 52. Rc7 Rd8 53.
Rc6 a5 54. Kf3 Ng4 55. Ke4 a4 56. b4 Re8+ 57. Kd4 Nf6 58. Kc5 Re5+ 59. Kb6 Nd5+
60. Ka5 Nf6 61. Rc8+ Kg7 62. Rc7+ Kf8 63. Rf7+ 1-0

[Event "Superettan(Schack 08-Rockaden, Umea)"]
[Site "?"]
[Date "2022.03.18"]
[Round "4"]
[White "Wiklund, Johan"]
[Black "Johansson, David"]
[Result "0-1"]
[WhiteElo "1934"]
[BlackElo "2113"]
[PlyCount "56"]

1. Nf3 f5 2. d4 e6 3. g3 Nf6 4. Bg2 Be7 5. O-O O-O 6. c4 d6 7. b3 Ne4 8. Bb2
Bf6 9. Qc2 Nc6 10. a3 a5 11. Rd1 Qe8 12. Nc3 Nxc3 13. Bxc3 e5 14. d5 Nd8 15. b4
Bd7 16. Qb2 Qh5 17. Re1 f4 18. Nd2 Bh3 19. Bh1 Nf7 20. bxa5 Rab8 21. Ne4 Ng5
22. Nxg5 Bxg5 23. c5 Rf6 24. Qb4 Rbf8 25. Bf3 fxg3 26. fxg3 Be3+ 27. Kh1 Rxf3
28. Qe4 Bg2+ 0-1

[Event "Superettan(Vasteras II-Helsingborg)"]
[Site "?"]
[Date "2022.03.18"]
[Round "4"]
[White "Adahl, Mattias"]
[Black "Nilsson Hask, Patrik"]
[Result "1-0"]
[WhiteElo "2086"]
[BlackElo "2199"]
[PlyCount "51"]
[EventDate "2022.??.??"]

1. d4 f5 2. c4 Nf6 3. Nc3 d6 4. Nf3 g6 5. e3 Bg7 6. Be2 O-O 7. O-O c6 8. b4 e5
9. dxe5 dxe5 10. Qb3 Qe7 11. Bb2 Nbd7 12. Ng5 Kh8 13. c5 Nd5 14. Nxd5 cxd5 15.
f4 exf4 16. Bxg7+ Kxg7 17. Qb2+ Nf6 18. exf4 h6 19. Nf3 Qe3+ 20. Kh1 Qxf4 21.
Bb5 Qc7 22. Rae1 Rf7 23. Ne5 Re7 24. Ng4 Rf7 25. Nxf6 Rxf6 26. Re8 1-0

[Event "Superettan(Schack 08-Rockaden, Umea)"]
[Site "?"]
[Date "2022.03.18"]
[Round "4"]
[White "Johnorovskij, Jakov"]
[Black "Isaksson, Henrik"]
[Result "0-1"]
[WhiteElo "1743"]
[BlackElo "2117"]
[PlyCount "102"]
[EventDate "2022.??.??"]

1. d4 f5 2. g3 Nf6 3. Bg2 e6 4. c4 Be7 5. Nc3 O-O 6. Nf3 d6 7. O-O Ne4 8. Qd3
Nxc3 9. Qxc3 a5 10. Nd2 Bf6 11. Qd3 Nc6 12. Bxc6 bxc6 13. e4 e5 14. d5 f4 15.
f3 Qe8 16. Rf2 a4 17. Nf1 g5 18. Rb1 Ba6 19. b3 Kg7 20. Rg2 Kh8 21. Bd2 axb3
22. axb3 Bb7 23. Bc3 Qb8 24. Qc2 Ra3 25. gxf4 gxf4 26. Qb2 Qa7+ 27. Kh1 Ra8 28.
h3 Bc8 29. Rh2 cxd5 30. exd5 Bf5 31. Rd1 Qb6 32. b4 Qa6 33. Nd2 Qa4 34. Rg1 Ra2
35. Qb3 Rxd2 36. Qxa4 Rxh2+ 37. Kxh2 Rxa4 38. c5 Ra3 39. Rc1 Ra2+ 40. Kh1 Bxh3
41. cxd6 cxd6 42. b5 Bg2+ 43. Kg1 Bxf3 44. Bb4 Bxd5 45. Rc8+ Kg7 46. Bxd6 f3
47. b6 e4 48. Rc7+ Kg6 49. Bc5 Rc2 50. Be3 Rxc7 51. bxc7 Be6 0-1

[Event "Superettan(SK Rockaden,SthlmII-Orgryte)"]
[Site "?"]
[Date "2022.03.18"]
[Round "4"]
[White "Olsson, William"]
[Black "Nikolic, Vladan"]
[Result "1/2-1/2"]
[WhiteElo "2316"]
[BlackElo "2205"]
[PlyCount "71"]
[EventDate "2022.??.??"]

1. d4 Nf6 2. c4 e6 3. Nf3 c5 4. d5 d6 5. Nc3 exd5 6. cxd5 g6 7. e4 Bg7 8. Be2
O-O 9. O-O Bg4 10. Nd2 Bxe2 11. Qxe2 a6 12. a4 Nbd7 13. a5 Qe7 14. Nc4 Ne5 15.
Bg5 Nxc4 16. Qxc4 Rfe8 17. Rae1 Qc7 18. Qa2 Nd7 19. Bh4 Ne5 20. Bg3 Rab8 21.
Re2 b5 22. axb6 Rxb6 23. Rd1 c4 24. Bxe5 Bxe5 25. Rc1 Reb8 26. g3 Qc8 27. Nd1
Rb4 28. Rec2 c3 29. Nxc3 Qg4 30. Qxa6 Rxb2 31. Rxb2 Rxb2 32. Qa3 Rd2 33. Rf1
Rd3 34. Qa8+ Kg7 35. Nb5 Bxg3 36. fxg3 1/2-1/2

[Event "Superettan(Upsala-Burgsvik)"]
[Site "?"]
[Date "2022.03.18"]
[Round "4"]
[White "Krupenski, Juri"]
[Black "Johansson, Jan"]
[Result "0-1"]
[WhiteElo "2404"]
[BlackElo "2291"]
[PlyCount "46"]

1. d4 g6 2. Nf3 Bg7 3. e4 d6 4. Nc3 Nf6 5. Be3 a6 6. Qd2 b5 7. Bd3 Nc6 8. O-O-O
Bg4 9. e5 Nh5 10. Be4 Na5 11. Bxa8 Qxa8 12. b3 O-O 13. exd6 cxd6 14. d5 Rc8 15.
Ne2 Nb7 16. Ned4 Nd8 17. h3 Bd7 18. Bh6 Qxd5 19. g4 Nf6 20. Bxg7 Kxg7 21. Qe3
Qc5 22. Qxe7 Nc6 23. g5 Nxe7 0-1

[Event "Superettan(SS 4 Springare-Kristallen)"]
[Site "?"]
[Date "2022.03.18"]
[Round "4"]
[White "Andersson, Goran L"]
[Black "Peng, Li Min"]
[Result "0-1"]
[WhiteElo "2246"]
[BlackElo "2498"]
[PlyCount "126"]
[EventDate "2022.??.??"]
[SourceDate "2022.03.26"]

1. e4 c5 2. Nf3 e6 3. d4 cxd4 4. Nxd4 Nf6 5. Nc3 d6 6. g4 h6 7. h4 Nc6 8. Rg1
d5 9. Bb5 Bd7 10. exd5 Nxd5 11. Nxd5 exd5 12. Qe2+ Be7 13. Be3 Nxd4 14. Bxd7+
Qxd7 15. Bxd4 O-O 16. O-O-O Bxh4 17. f4 Rfe8 18. Qf3 Re4 19. g5 hxg5 20. fxg5
Qe6 21. Kb1 a5 22. Qc3 Rc8 23. Qxa5 Rxd4 24. Rxd4 Bf2 25. Rgd1 Bxd4 26. Rxd4
Qe2 27. Qd2 Qxd2 28. Rxd2 Re8 29. a4 Re5 30. b4 Rxg5 31. a5 Re5 32. Kb2 g5 33.
c4 dxc4 34. Kc3 g4 35. Kxc4 f5 36. b5 g3 37. a6 bxa6 38. bxa6 f4 39. Ra2 f3 40.
a7 Re8 41. a8=Q Rxa8 42. Rxa8+ Kf7 43. Ra3 f2 44. Rxg3 f1=Q+ 45. Rd3 Ke6 46.
Kc3 Ke5 47. Kc2 Ke4 48. Rd7 Qc4+ 49. Kd2 Qa2+ 50. Kc1 Qa1+ 51. Kd2 Qa3 52. Rh7
Qg3 53. Rb7 Qd6+ 54. Ke1 Qe6 55. Rb2 Kd3+ 56. Kf1 Qh3+ 57. Kg1 Qe3+ 58. Rf2
Qe1+ 59. Kg2 Ke4 60. Ra2 Qd1 61. Ra8 Qd5 62. Re8+ Kd3+ 63. Kf2 Qf7+ 0-1

[Event "Superettan(SK Rockaden,SthlmII-Orgryte)"]
[Site "?"]
[Date "2022.03.18"]
[Round "4"]
[White "Crevatin, Leo"]
[Black "Torngren, Gustav"]
[Result "0-1"]
[WhiteElo "2266"]
[BlackElo "2245"]
[PlyCount "76"]

1. d4 e6 2. c4 f5 3. g3 Nf6 4. Bg2 d5 5. Nf3 Be7 6. O-O Ne4 7. b3 Nc6 8. Bb2 h5
9. h4 g5 10. hxg5 Bxg5 11. Nxg5 Qxg5 12. Qc1 Qg7 13. Qf4 h4 14. Bxe4 fxe4 15.
Na3 Rf8 16. Qe3 Bd7 17. Nb5 O-O-O 18. Rac1 Rf5 19. Kg2 Rdf8 20. Ba3 R8f6 21.
Bd6 hxg3 22. Bxg3 Qg4 23. cxd5 Rf3 24. dxc6 bxc6 25. Nxa7+ Kd8 26. exf3 exf3+
27. Kg1 Qh3 28. Qxf3 Rxf3 29. Rc2 Rf7 30. Be5 Qg4+ 31. Bg3 Rh7 32. Rc3 Qe4 33.
Bh2 Qh4 34. Rfc1 Qxh2+ 35. Kf1 Rf7 36. R1c2 Qh1+ 37. Ke2 Qe4+ 38. Kd1 Qxd4+ 0-1

[Event "Superettan(Upsala-Burgsvik)"]
[Site "?"]
[Date "2022.03.18"]
[Round "4"]
[White "Wagner, Stephan"]
[Black "Larsson, Victor"]
[Result "1-0"]
[WhiteElo "2222"]
[BlackElo "2193"]
[PlyCount "61"]

1. c4 c5 2. Nc3 Nf6 3. g3 d5 4. cxd5 Nxd5 5. Bg2 Nc7 6. Nf3 Nc6 7. d3 e5 8. Be3
Be7 9. O-O O-O 10. Nd2 Bd7 11. Nc4 f6 12. a4 b6 13. f4 exf4 14. gxf4 Be8 15. f5
Rc8 16. Bf4 Na6 17. Nd5 Bh5 18. Nxe7+ Qxe7 19. Bd5+ Kh8 20. Bd6 Qxe2 21. Bxc6
Rxc6 22. Qxe2 Bxe2 23. Bxf8 Bxd3 24. Rf4 Kg8 25. Be7 Nb4 26. Rd1 Kf7 27. Bd6 a6
28. Bb8 b5 29. axb5 axb5 30. Nd6+ Ke7 31. Rxb4 1-0

[Event "Superettan(SS 4 Springare-Kristallen)"]
[Site "?"]
[Date "2022.03.18"]
[Round "4"]
[White "Poley, Vladimir"]
[Black "Lindh, Fredrik"]
[Result "0-1"]
[WhiteElo "2324"]
[BlackElo "2305"]
[PlyCount "80"]
[EventDate "2022.??.??"]

1. Nf3 Nf6 2. g3 g6 3. b4 Bg7 4. Bb2 O-O 5. Bg2 d5 6. O-O c6 7. d3 a5 8. a3
axb4 9. axb4 Rxa1 10. Bxa1 Na6 11. c3 Re8 12. Nbd2 e5 13. e4 b5 14. Qb1 Qb6 15.
Bb2 Bb7 16. Re1 dxe4 17. Nxe4 Nxe4 18. dxe4 c5 19. Bf1 c4 20. Nh4 Rd8 21. Bc1
Bc6 22. Be3 Qb7 23. f3 Bf6 24. Ng2 Be7 25. Rd1 Rxd1 26. Qxd1 f5 27. exf5 Bxf3
28. Qd2 gxf5 29. Bg5 Qb6+ 30. Be3 Qd8 31. Qf2 Be4 32. Ne1 Qd1 33. Bd2 Nc7 34.
Qe3 Nd5 35. Qh6 Bf6 36. h4 Qg4 37. h5 Qxg3+ 38. Ng2 Bg5 39. Bxg5 Nf4 40. Bf6
Ne2+ 0-1

[Event "Superettan(SK Rockaden,SthlmII-Orgryte)"]
[Site "?"]
[Date "2022.03.18"]
[Round "4"]
[White "Arnelind, Mikael"]
[Black "Eriksson, Dan"]
[Result "1-0"]
[WhiteElo "2215"]
[BlackElo "2184"]
[PlyCount "153"]
[SourceDate "2022.03.27"]

1. d4 d5 2. c4 e5 3. dxe5 d4 4. Nf3 Nc6 5. g3 Nge7 6. Bg2 Ng6 7. O-O Ngxe5 8.
Nxe5 Nxe5 9. b3 Be7 10. Bb2 Bf6 11. Nd2 c5 12. Ne4 Be7 13. e3 Nc6 14. exd4 cxd4
15. a3 O-O 16. b4 Be6 17. Rc1 Rc8 18. f4 Qd7 19. Qd3 Rfd8 20. Rfd1 b6 21. Rd2
h6 22. Rdc2 Bf5 23. Re2 Rc7 24. Rd2 Qe6 25. Re2 h5 26. Bf3 h4 27. g4 Bxg4 28.
Nf2 Qh6 29. Bxg4 Qxf4 30. Qf5 Bd6 31. Ne4 d3 32. Rf2 Qe3 33. Nxd6 Rxd6 34. Qf3
Qg5 35. Rd1 Nd4 36. Bxd4 Rxd4 37. h3 Rcxc4 38. Qxf7+ Kh7 39. Qf5+ Qxf5 40.
Bxf5+ Kh6 41. Rxd3 Rxd3 42. Bxd3 Rc3 43. Bf1 Rxa3 44. b5 g5 45. Kh2 Kg6 46. Be2
Rb3 47. Bc4 Rc3 48. Bf1 Ra3 49. Be2 Rb3 50. Rf3 Rb2 51. Re3 Kf5 52. Kg2 Ra2 53.
Kf3 Ra4 54. Bd3+ Kf6 55. Re4 Ra3 56. Rd4 Ra1 57. Be2 Ra3+ 58. Rd3 Ra4 59. Rd7
Rf4+ 60. Ke3 Ra4 61. Rd6+ Kf7 62. Bh5+ Ke7 63. Rd4 Ra3+ 64. Rd3 Ra4 65. Bg4 Ra5
66. Rd7+ Kf6 67. Be2 Ra1 68. Rh7 Ra4 69. Bd3 Ra3 70. Rh6+ Kf7 71. Kd4 Ra4+ 72.
Ke5 Ra3 73. Rh7+ Ke8 74. Bg6+ Kd8 75. Kd6 Kc8 76. Rh8+ Kb7 77. Be4# 1-0

[Event "Superettan(Upsala-Burgsvik)"]
[Site "?"]
[Date "2022.03.18"]
[Round "4"]
[White "Andersson, Tommy"]
[Black "Burwick, Malte"]
[Result "1/2-1/2"]
[WhiteElo "2380"]
[BlackElo "2215"]
[PlyCount "90"]

1. d4 g6 2. c4 Bg7 3. Nc3 Nf6 4. e4 d6 5. f3 O-O 6. Be3 a6 7. Nge2 Nbd7 8. Ng3
c5 9. d5 Ne5 10. Be2 h5 11. O-O b5 12. cxb5 axb5 13. Nxb5 Ba6 14. a4 Qb8 15.
Rb1 Rc8 16. b4 Ned7 17. Qd2 cxb4 18. Rxb4 Nc5 19. Rc1 Bb7 20. Rcb1 Ba6 21. Bf1
Nfd7 22. Ne2 Qb6 23. Ned4 Qd8 24. Nc6 Qf8 25. Rc1 Bb7 26. Nca7 Rcb8 27. Nc6 Rc8
28. Nba7 Rc7 29. Qd1 Ba6 30. Nb5 Rb7 31. Rcb1 Kh7 32. Bd4 Bxd4+ 33. Qxd4 Rc8
34. Nca7 Ra8 35. Nc6 Rc8 36. h3 f6 37. Nca7 Ra8 38. Nc6 Rc8 39. Nc3 Rxb4 40.
Rxb4 Bxf1 41. Kxf1 Qh6 42. Ne2 Ne5 43. Nxe5 fxe5 44. Qc3 Ra8 45. Qc1 Rxa4
1/2-1/2

[Event "Superettan(SS 4 Springare-Kristallen)"]
[Site "?"]
[Date "2022.03.18"]
[Round "4"]
[White "Walinder, Lars"]
[Black "Zaritovskaja, Margo"]
[Result "0-1"]
[WhiteElo "263"]
[BlackElo "1999"]
[PlyCount "70"]
[EventDate "2022.??.??"]

1. c4 Nf6 2. Nc3 e6 3. Nf3 Bb4 4. Qc2 O-O 5. a3 Bxc3 6. Qxc3 d5 7. e3 Ne4 8.
Qc2 Nd7 9. Be2 c5 10. O-O b6 11. b3 Bb7 12. Bb2 Qe7 13. d3 Nd6 14. Qc3 f6 15.
Rac1 Rac8 16. Rfd1 Rfd8 17. Qe1 Nf8 18. Nd2 Ng6 19. b4 Nf5 20. bxc5 bxc5 21.
cxd5 exd5 22. Bg4 Nfh4 23. Bxc8 Rxc8 24. f3 Re8 25. Nf1 f5 26. Qc3 d4 27. exd4
Nxf3+ 28. Kh1 Nxd4 29. Qc4+ Kh8 30. Bxd4 cxd4 31. Qc7 Bxg2+ 32. Kxg2 Qe2+ 33.
Kg1 Ne5 34. Qb7 Nf3+ 35. Kh1 Qf2 0-1

[Event "Superettan(SK Rockaden,SthlmII-Orgryte)"]
[Site "?"]
[Date "2022.03.18"]
[Round "4"]
[White "Bryntze, Stefan"]
[Black "Kumar, Rahul"]
[Result "0-1"]
[WhiteElo "2183"]
[BlackElo "2184"]
[PlyCount "73"]

1. f4 d6 2. Nf3 Bg4 3. e4 Nc6 4. Bb5 a6 5. Bxc6+ bxc6 6. h3 Bd7 7. O-O g6 8. d4
d5 9. Nc3 Nf6 10. e5 Ng8 11. f5 gxf5 12. Ng5 h5 13. e6 Bxe6 14. Nxe6 fxe6 15.
Na4 Nf6 16. Nc5 Qc8 17. c3 Ne4 18. Nxe4 dxe4 19. Rf4 Bg7 20. Rh4 Bf6 21. Rxh5
Rxh5 22. Qxh5+ Kd7 23. Bf4 Rb8 24. Qe2 Qb7 25. b4 Qb6 26. Kh2 a5 27. a3 Qb5 28.
c4 Qa4 29. g4 axb4 30. gxf5 exf5 31. Rd1 bxa3 32. Qh5 Rb2+ 33. Kh1 Qc2 34.
Qxf5+ e6 35. Qh7+ Be7 36. Rg1 Qe2 37. Bxc7 0-1

[Event "Superettan(Upsala-Burgsvik)"]
[Site "?"]
[Date "2022.03.18"]
[Round "4"]
[White "Marttala, Thomas"]
[Black "Haitin, Ilja"]
[Result "0-1"]
[WhiteElo "2199"]
[BlackElo "2355"]
[PlyCount "96"]

1. e4 e5 2. Bc4 Nf6 3. Qe2 Nc6 4. c3 g6 5. Nf3 Bg7 6. d3 O-O 7. O-O d5 8. Bb3
dxe4 9. dxe4 Qe7 10. Na3 a6 11. Nc4 b5 12. Ne3 Na5 13. Bc2 Nb7 14. a4 bxa4 15.
Bxa4 Nc5 16. Bc6 Rb8 17. Nd5 Qd6 18. Nd2 Kh8 19. Nb4 Nh5 20. Nc4 Qf6 21. Be3
Nf4 22. Bxf4 exf4 23. Bd5 Bd7 24. f3 Bb5 25. Qf2 Nd7 26. Rfe1 Ne5 27. Nxe5 Qxe5
28. Nxa6 Bxa6 29. Rxa6 Bf6 30. Rea1 Be7 31. R1a2 Bd6 32. Qd4 Qxd4+ 33. cxd4 Rb4
34. Kf1 Rxd4 35. Ke2 Kg7 36. b3 Re8 37. Rd2 Rb4 38. Rda2 f5 39. Ra8 Rxa8 40.
Rxa8 fxe4 41. fxe4 Rb5 42. Kf3 Rc5 43. Bc4 Rh5 44. Re8 Ra5 45. g3 fxg3 46. hxg3
h5 47. Bd5 Rc5 48. Bc4 Rg5 0-1

[Event "Superettan(SS 4 Springare-Kristallen)"]
[Site "?"]
[Date "2022.03.18"]
[Round "4"]
[White "Jakenberg, Jussi"]
[Black "Persson, Andreas"]
[Result "1/2-1/2"]
[WhiteElo "2113"]
[BlackElo "2117"]
[PlyCount "108"]
[EventDate "2022.??.??"]

1. d4 d5 2. Nf3 Nf6 3. g3 Bf5 4. c4 c6 5. Nc3 e6 6. Qb3 Qb6 7. c5 Qxb3 8. axb3
Be7 9. Bf4 O-O 10. h3 Nbd7 11. b4 a6 12. g4 Bg6 13. Nd2 Rac8 14. Bg2 Rfe8 15.
Bg3 Bd8 16. f4 Nf8 17. Kf2 Bc7 18. Rhe1 Red8 19. e3 Ne8 20. Ra3 Rd7 21. Bf3 f6
22. Be2 Rcd8 23. Nb3 Re7 24. Na5 Rb8 25. Raa1 Nd7 26. Bf3 e5 27. f5 Bf7 28.
Rad1 exd4 29. exd4 Kf8 30. Bxc7 Nxc7 31. Rxe7 Kxe7 32. Re1+ Kf8 33. Kg3 g6 34.
fxg6 hxg6 35. Ne2 g5 36. Kf2 Ne6 37. Ke3 Bg6 38. Kd2 Kf7 39. Kc3 Nc7 40. Kd2
Nf8 41. Rd1 Nfe6 42. Ke3 Nb5 43. Kf2 Ke7 44. Rd2 Kd7 45. Bg2 Kc7 46. Nb3 Rf8
47. Ng3 Nf4 48. Nf5 Re8 49. Bf1 Bxf5 50. gxf5 Re4 51. Bg2 Nxg2 52. Kxg2 Re3 53.
Nc1 Kd7 54. Re2 Re7 1/2-1/2

[Event "Superettan(SK Rockaden,SthlmII-Orgryte)"]
[Site "?"]
[Date "2022.03.18"]
[Round "4"]
[White "Eksmyr, Johan"]
[Black "Narva, David"]
[Result "1-0"]
[WhiteElo "2171"]
[BlackElo "2054"]
[PlyCount "55"]

1. d4 d6 2. Bf4 g6 3. Nf3 Bg7 4. e3 Nd7 5. h3 e5 6. Bh2 e4 7. Nfd2 Qe7 8. c4 f5
9. Nc3 Ngf6 10. Nb5 Qd8 11. c5 O-O 12. cxd6 cxd6 13. Qb3+ Kh8 14. Nxd6 Qe7 15.
N2c4 Bh6 16. Ne5 Nxe5 17. Bxe5 Bg7 18. Bc4 h6 19. Nf7+ Kh7 20. Bd6 Qe8 21. Ne5
Nd7 22. Bf7 Rxf7 23. Qxf7 Qxf7 24. Nxf7 Nb6 25. Be5 Be6 26. Nd6 Nc4 27. Nxc4
Bxc4 28. Rc1 1-0

[Event "Superettan(Upsala-Burgsvik)"]
[Site "?"]
[Date "2022.03.18"]
[Round "4"]
[White "Andersson, Bjorn"]
[Black "Malm Lindberg, Henrik"]
[Result "1/2-1/2"]
[WhiteElo "2131"]
[BlackElo "2194"]
[PlyCount "140"]

1. e4 c5 2. Nf3 e6 3. d4 cxd4 4. Nxd4 Nf6 5. Nc3 d6 6. Be2 a6 7. Be3 Be7 8. Qd2
O-O 9. g4 b5 10. g5 b4 11. gxf6 bxc3 12. bxc3 Bxf6 13. Rb1 Nd7 14. Rg1 Nc5 15.
Bf3 Bd7 16. Bh6 Kh8 17. Be3 Rc8 18. Ne2 Bc6 19. Bxc5 dxc5 20. Qxd8 Rfxd8 21.
Rg3 Be5 22. Rh3 Ba4 23. Rc1 Rb8 24. Bg2 g5 25. Rh5 f6 26. Rh3 Rb2 27. Rd3 Rxd3
28. cxd3 Rxa2 29. d4 cxd4 30. Nxd4 Bf4 31. Rb1 Bd2+ 32. Kf1 Bxc3 33. Rb8+ Kg7
34. Nxe6+ Kf7 35. Bh3 Rb2 36. Ra8 Bb5+ 37. Kg2 Ke7 38. Rh8 Bd7 39. Rxh7+ Kd6
40. Nxg5 Bxh3+ 41. Nxh3 a5 42. Kf3 Bd4 43. Rh5 Be5 44. Kg4 a4 45. f4 Bc3 46.
e5+ fxe5 47. Rh6+ Kc5 48. f5 a3 49. Ra6 a2 50. f6 Kb5 51. Ra8 Ba5 52. Rb8+ Bb6
53. f7 a1=Q 54. f8=Q Qd1+ 55. Kg5 Rb4 56. Qe8+ Kc4 57. Qf7+ Qd5 58. Rc8+ Bc5
59. Qf1+ Kd4 60. Qf2+ Kc4 61. Qe2+ Kd4 62. Qg4+ e4+ 63. Qf5 Be7+ 64. Kg4 Qxf5+
65. Kxf5 Rb5+ 66. Kg4 Bd6 67. Nf4 Bxf4 68. Kxf4 Rh5 69. Rd8+ Kc3 70. Kxe4 Rxh2
1/2-1/2

[Event "Superettan(Rockaden, Umea-Vasteras II)"]
[Site "?"]
[Date "2021.12.05"]
[Round "2"]
[White "Landgren, Andreas"]
[Black "Mardell, Jonas"]
[Result "0-1"]
[WhiteElo "2208"]
[BlackElo "2107"]
[PlyCount "90"]
[EventDate "2021.??.??"]

1. d4 d5 2. c4 e6 3. Nc3 Nf6 4. cxd5 exd5 5. Bg5 Be7 6. e3 c6 7. Bd3 Ne4 8. Bf4
Bf5 9. Qc2 Qa5 10. f3 Nxc3 11. Bxf5 Ne4+ 12. Kf1 Nf6 13. g4 g6 14. Bd3 Na6 15.
Ne2 Nb4 16. Qc3 Qd8 17. Bb1 Nd7 18. a3 Na6 19. Bd3 Nc7 20. Kg2 Ne6 21. Bg3 Bf6
22. Rae1 c5 23. b4 cxd4 24. exd4 O-O 25. h4 Qb6 26. Bf2 Qd6 27. Qd2 Rfe8 28.
Bc2 Nb6 29. Bb3 Rac8 30. Rc1 Nc4 31. Bxc4 dxc4 32. Rhd1 a6 33. d5 Red8 34. Qe3
Nc7 35. Nc3 Bxc3 36. Qxc3 Nxd5 37. Qc2 Nf4+ 38. Kf1 Qc6 39. Qe4 Rxd1+ 40. Rxd1
Qxe4 41. fxe4 c3 42. Rc1 c2 43. Bc5 b6 44. Rxc2 bxc5 45. bxc5 Rc6 0-1